000
00306nam a22001217a 4500
008
181015b xxu||||| |||| 00| 0 eng d
041
_a
eng
080
_2
7th
_a
591
100
_a
7
101
_a
ZOO
245
_a
Hagan and Bruner's Infectious diseases of domestic Animals
_c
Gillespie,J.H
942
_2
udc
_c
BK
999
_c
49670
_d
49670